[Event "DVM U16 2014"]
[Site "Magdeburg GER"]
[Date "2014.12.28"]
[Round "4"]
[White "Savchenko, Daniel"]
[Black "Riehle, Marco"]
[Result "1-0"]
[Termination "normal"]
[Board "2.2"]
[WhiteElo "1817"]
[BlackElo "2034"]
[WhiteClock "00:46:11"]
[BlackClock "00:39:51"]
[WhiteTeam "Düsseldorfer SK"]
[BlackTeam "SF Sasbach"]
[PlyCount "47"]
[WhiteFideId "12919195"]
[BlackFideId "12904392"]
[EventCountry "GER"]
[EventRounds "7"]
[EventType "team-swiss"]
[EventDate "2014.12.26"]

1. e4 {[%clk 1:30:57]} e5 {[%clk 1:30:59]} 2. Nf3 {[%clk 1:31:14]} Nf6 {[%clk
1:31:23]} 3. d4 {[%clk 1:31:35]} exd4 {[%clk 1:27:33]} 4. e5 {[%clk 1:31:51]}
Ne4 {[%clk 1:25:18]} 5. Qxd4 {[%clk 1:30:46]} f5 {[%clk 1:23:16]} 6. exf6
{[%clk 1:27:42]} Nxf6 {[%clk 1:23:27]} 7. Bg5 {[%clk 1:24:34]} Be7 {[%clk
1:22:03]} 8. Nc3 {[%clk 1:23:22]} d5 {[%clk 1:16:58]} 9. O-O-O {[%clk 1:22:16]}
c6 {[%clk 1:16:45]} 10. Bd3 {[%clk 1:20:38]} O-O {[%clk 1:14:53]} 11. Qh4
{[%clk 1:20:12]} Nbd7 {[%clk 1:13:20]} 12. Bxh7+ {[%clk 1:19:40]} Nxh7 {[%clk
1:13:19]} 13. Bxe7 {[%clk 1:18:45]} Qc7 {[%clk 1:10:04]} 14. Bxf8 {[%clk
1:17:52]} Ndxf8 {[%clk 1:10:23]} 15. Rhe1 {[%clk 1:17:19]} Bd7 {[%clk 1:09:39]}
16. Ne5 {[%clk 1:16:46]} b5 {[%clk 1:07:21]} 17. Rd3 {[%clk 1:09:34]} Re8
{[%clk 1:01:28]} 18. f4 {[%clk 1:06:40]} Bf5 {[%clk 0:59:59]} 19. Rdd1 {[%clk
1:01:48]} b4 {[%clk 0:52:34]} 20. Na4 {[%clk 1:00:19]} Qa5 {[%clk 0:48:13]} 21.
b3 {[%clk 1:00:23]} Rc8 {[%clk 0:43:19]} 22. Qe7 {[%clk 0:53:19]} Be4 {[%clk
0:39:30]} 23. Rxe4 {[%clk 0:45:52]} dxe4 {[%clk 0:39:51]} 24. Rd7 {[%clk
0:46:11]} 1-0

[Event "DVM U16 2014"]
[Site "Magdeburg GER"]
[Date "2014.12.28"]
[Round "4"]
[White "Beeck, Mats"]
[Black "Peczely, Sebastian Zsombor"]
[Result "1/2-1/2"]
[Termination "normal"]
[Board "3.1"]
[WhiteElo "2127"]
[BlackElo "2197"]
[WhiteTeam "SK Doppelbauer Kiel"]
[BlackTeam "Schachgemeinschaft Leipzig"]
[PlyCount "40"]
[WhiteFideId "12936944"]
[BlackFideId "750964"]
[EventCountry "GER"]
[EventRounds "7"]
[EventType "team-swiss"]
[EventDate "2014.12.26"]

1. d4 d5 2. c4 c6 3. Nf3 Nf6 4. Qc2 g6 5. Bf4 Bg7 6. e3 O-O 7. Bd3 dxc4 8. Bxc4
c5 9. O-O cxd4 10. Nxd4 Nc6 11. Nxc6 bxc6 12. Rd1 Bf5 13. Rxd8 Bxc2 14. Rxa8
Rxa8 15. Be5 Rd8 16. Na3 Bf5 17. Kf1 Ne4 18. Bxg7 Kxg7 19. Ke2 h5 20. f3 Nd6
1/2-1/2

[Event "DVM U16 2014"]
[Site "Magdeburg GER"]
[Date "2014.12.28"]
[Round "4"]
[White "Richter, Leonard"]
[Black "Pluska, Alexander"]
[Result "0-1"]
[Termination "normal"]
[Board "3.2"]
[WhiteElo "2113"]
[BlackElo "1917"]
[WhiteTeam "Schachgemeinschaft Leipzig"]
[BlackTeam "SK Doppelbauer Kiel"]
[PlyCount "108"]
[WhiteFideId "12900290"]
[BlackFideId "12975141"]
[EventCountry "GER"]
[EventRounds "7"]
[EventType "team-swiss"]
[EventDate "2014.12.26"]

1. e4 c5 2. Nf3 Nc6 3. d4 cxd4 4. Nxd4 Nf6 5. Nc3 g6 6. Be3 Bg7 7. Nb3 O-O 8.
Be2 d6 9. f4 a6 10. Bf3 Na5 11. Nxa5 Qxa5 12. O-O Be6 13. Nd5 Nxd5 14. exd5 Bf5
15. c3 Qb5 16. Qd2 Rac8 17. Rfe1 Rfe8 18. Be2 Qa5 19. Bf3 b5 20. a3 Qc7 21. Bd4
Bxd4+ 22. Qxd4 Qc4 23. Rad1 Rc5 24. Rd2 Qxd4+ 25. Rxd4 Kf8 26. Rc1 Rec8 27. Be2
a5 28. Kf2 R8c7 29. Ke3 Bc8 30. c4 a4 31. Rc3 Bb7 32. Kd2 bxc4 33. Bxc4 Rc8 34.
Ba2 Rxc3 35. bxc3 Rc5 36. Rxa4 Bxd5 37. Bxd5 Rxd5+ 38. Rd4 Ra5 39. a4 Ke8 40.
Kc2 Kd7 41. Kb3 Kc6 42. Kb4 Kb6 43. Rd2 h5 44. Re2 e6 45. Rd2 d5 46. c4 Rc5 47.
Rd4 Ra5 48. cxd5 exd5 49. Rd3 Rc5 50. Rc3 Ra5 51. Rc8 Ra7 52. Rc5 Rxa4+ 53.
Kxa4 Kxc5 54. Kb3 Kd4 0-1

[Event "DVM U16 2014"]
[Site "Magdeburg GER"]
[Date "2014.12.28"]
[Round "4"]
[White "Wanner, Lukas"]
[Black "Kreyssig, Bruno"]
[Result "1/2-1/2"]
[Termination "normal"]
[Board "3.3"]
[WhiteElo "1892"]
[BlackElo "1899"]
[WhiteTeam "SK Doppelbauer Kiel"]
[BlackTeam "Schachgemeinschaft Leipzig"]
[PlyCount "53"]
[WhiteFideId "12918148"]
[BlackFideId "4692489"]
[EventCountry "GER"]
[EventRounds "7"]
[EventType "team-swiss"]
[EventDate "2014.12.26"]

1. Nf3 Nf6 2. c4 g6 3. d4 c5 4. Nc3 cxd4 5. Nxd4 Bg7 6. e4 d6 7. Be2 O-O 8. O-O
Nc6 9. Be3 Bd7 10. f3 Nxd4 11. Bxd4 Bc6 12. Nd5 Bxd5 13. exd5 Nd7 14. Bxg7 Kxg7
15. Qd4+ Kg8 16. b3 Qb6 17. Qxb6 Nxb6 18. Rfe1 Rfc8 19. Bf1 Kf8 20. Re3 Rc7 21.
Rae1 a5 22. a4 Re8 23. g3 Nd7 24. Bh3 Nc5 25. f4 b6 26. g4 f6 27. Bg2 1/2-1/2

[Event "DVM U16 2014"]
[Site "Magdeburg GER"]
[Date "2014.12.28"]
[Round "4"]
[White "Hofmann, Timo"]
[Black "Rieper, Julian"]
[Result "0-1"]
[Termination "normal"]
[Board "3.4"]
[WhiteElo "1716"]
[BlackElo "1711"]
[WhiteTeam "Schachgemeinschaft Leipzig"]
[BlackTeam "SK Doppelbauer Kiel"]
[PlyCount "68"]
[WhiteFideId "12946044"]
[BlackFideId "12936960"]
[EventCountry "GER"]
[EventRounds "7"]
[EventType "team-swiss"]
[EventDate "2014.12.26"]

1. d4 d5 2. c4 c6 3. Nf3 Nf6 4. Nc3 e6 5. Bg5 Nbd7 6. cxd5 exd5 7. e3 Be7 8.
Bd3 O-O 9. Qc2 Re8 10. O-O g6 11. Rab1 Nf8 12. h3 Ne6 13. Bh4 Ng7 14. b4 a6 15.
a4 Bf5 16. Bxf5 Nxf5 17. Bxf6 Bxf6 18. b5 Rc8 19. bxa6 bxa6 20. Ne2 Re7 21. Nf4
c5 22. dxc5 Rec7 23. Rfc1 Rxc5 24. Qxc5 Rxc5 25. Rxc5 d4 26. Rd5 Qc7 27. Ne2
dxe3 28. fxe3 Nxe3 29. Rd2 Qc5 30. Rc1 Qb4 31. Rc6 Be7 32. Rxa6 Qb1+ 33. Kf2
Nd1+ 34. Kg3 Qb8+ 0-1

[Event "DVM U16 2014"]
[Site "Magdeburg GER"]
[Date "2014.12.28"]
[Round "4"]
[White "Bergauz, Noam"]
[Black "Sabirov, Ramil"]
[Result "1-0"]
[Termination "normal"]
[Board "4.1"]
[WhiteElo "2264"]
[BlackElo "1922"]
[WhiteTeam "SK München Südost"]
[BlackTeam "SG Porz"]
[PlyCount "95"]
[WhiteFideId "12938033"]
[BlackFideId "12900303"]
[EventCountry "GER"]
[EventRounds "7"]
[EventType "team-swiss"]
[EventDate "2014.12.26"]

1. e4 c5 2. Nf3 Nc6 3. d4 cxd4 4. Nxd4 Qb6 5. Nb3 Nf6 6. Nc3 e6 7. Be3 Qc7 8.
a3 Be7 9. g3 a6 10. Bg2 O-O 11. O-O d6 12. Na4 b5 13. Nb6 Rb8 14. Nxc8 Rfxc8
15. f4 a5 16. a4 bxa4 17. Rxa4 Rb4 18. Rxb4 axb4 19. g4 Nd7 20. Qe2 Na5 21. Ra1
Nxb3 22. cxb3 Nc5 23. Rc1 Rb8 24. Qc4 Qa5 25. f5 Bf6 26. Qc2 h6 27. Qd1 Qb6 28.
Qe2 e5 29. Ra1 Qd8 30. Qc4 Bg5 31. Bf2 Bh4 32. Be3 Bg5 33. Bf2 Bh4 34. Bxc5
dxc5 35. Qxc5 Qd4+ 36. Qxd4 exd4 37. Bf1 Rc8 38. Bc4 Re8 39. Bd5 Bg5 40. Kf2 d3
41. h4 Bxh4+ 42. Ke3 Be7 43. Kxd3 Bc5 44. Ra5 Rc8 45. Rb5 Rc7 46. Ra5 Kh7 47.
Bxf7 Rxf7 48. Rxc5 1-0

[Event "DVM U16 2014"]
[Site "Magdeburg GER"]
[Date "2014.12.28"]
[Round "4"]
[White "Brungs, Sven"]
[Black "Müller, Constantin"]
[Result "0-1"]
[Termination "normal"]
[Board "4.2"]
[WhiteElo "1891"]
[BlackElo "2082"]
[WhiteTeam "SG Porz"]
[BlackTeam "SK München Südost"]
[PlyCount "90"]
[WhiteFideId "12946257"]
[BlackFideId "24697630"]
[EventCountry "GER"]
[EventRounds "7"]
[EventType "team-swiss"]
[EventDate "2014.12.26"]

1. d4 Nf6 2. c4 c6 3. Nf3 d5 4. cxd5 cxd5 5. Bf4 a6 6. e3 Nc6 7. Nc3 Bg4 8. Be2
e6 9. O-O Be7 10. a3 O-O 11. Rc1 Nh5 12. Bg3 Nxg3 13. hxg3 Rc8 14. Re1 Bd6 15.
Nh4 Bxe2 16. Qxe2 b5 17. b4 Qb6 18. Rc2 Rc7 19. Nf5 Bxb4 20. axb4 Nxb4 21. Rb2
Rxc3 22. Ne7+ Kh8 23. Qd2 Rc4 24. Rxb4 Qd6 25. Nxd5 exd5 26. Rxc4 dxc4 27. Qa5
Rc8 28. Rc1 h6 29. Kf1 b4 30. Qf5 Rc7 31. Qe4 c3 32. Qe8+ Kh7 33. Qa4 Qc6 34.
Qxb4 c2 35. Qa3 Qc4+ 36. Ke1 Rb7 37. Kd2 Rb3 38. Qa5 Rd3+ 39. Ke1 Qb3 40. Ke2
g6 41. Qc7 Rc3 42. Qa5 Qc4+ 43. Ke1 Qb3 44. Ke2 Qb2 45. Qd5 Kg8 0-1

[Event "DVM U16 2014"]
[Site "Magdeburg GER"]
[Date "2014.12.28"]
[Round "4"]
[White "Yang, Daniel"]
[Black "Huber, Benedikt"]
[Result "0-1"]
[Termination "normal"]
[Board "4.4"]
[WhiteElo "1587"]
[BlackElo "1798"]
[WhiteTeam "SG Porz"]
[BlackTeam "SK München Südost"]
[PlyCount "56"]
[WhiteFideId "12946273"]
[BlackFideId "12923583"]
[EventCountry "GER"]
[EventRounds "7"]
[EventType "team-swiss"]
[EventDate "2014.12.26"]

1. d4 e6 2. Nf3 f5 3. g3 Nf6 4. Bg2 Be7 5. O-O O-O 6. c4 d6 7. b3 Ne4 8. Bb2
Nd7 9. Nbd2 Ndf6 10. Qc2 h6 11. Rfd1 Bd7 12. Rac1 a5 13. a3 c5 14. dxc5 Nxc5
15. Nd4 Qc8 16. e4 fxe4 17. Nxe4 Nfxe4 18. Bxe4 Nxe4 19. Qxe4 e5 20. Nc2 Bc6
21. Qe1 Bg5 22. Rb1 Qf5 23. Ne3 Bxe3 24. Qxe3 Qh3 25. f3 Rxf3 26. Qe2 Raf8 27.
Rf1 Rxg3+ 28. hxg3 Qh1# 0-1

[Event "DVM U16 2014"]
[Site "Magdeburg GER"]
[Date "2014.12.28"]
[Round "4"]
[White "Geue, Niklas"]
[Black "Schulte, Felix"]
[Result "1-0"]
[Termination "normal"]
[Board "5.1"]
[WhiteElo "1896"]
[BlackElo "1778"]
[WhiteTeam "USC Magdeburg"]
[BlackTeam "USV Halle"]
[PlyCount "83"]
[WhiteFideId "12961043"]
[BlackFideId "12914800"]
[EventCountry "GER"]
[EventRounds "7"]
[EventType "team-swiss"]
[EventDate "2014.12.26"]

1. e4 c5 2. Nf3 e6 3. d4 cxd4 4. Nxd4 a6 5. Nc3 Qc7 6. Bd3 Nf6 7. O-O d6 8. Kh1
Be7 9. Qe2 Nbd7 10. a4 b6 11. f4 Bb7 12. Bd2 O-O 13. Rae1 Rfd8 14. Nb3 Qc6 15.
Qf2 Qc7 16. Nd4 Nc5 17. b4 Nxd3 18. cxd3 d5 19. e5 Nd7 20. Rc1 Qb8 21. Nce2 Rc8
22. Qg3 g6 23. Qh3 Rxc1 24. Rxc1 Qd8 25. Nxe6 fxe6 26. Qxe6+ Kh8 27. f5 gxf5
28. Nd4 Nf8 29. Qxf5 Qe8 30. Rc7 Bc8 31. e6 Ng6 32. Bc3 Kg8 33. Qxd5 Qf8 34.
Nf5 Rb8 35. Nxe7+ Nxe7 36. Qg5+ Ng6 37. Rg7+ Qxg7 38. Bxg7 Kxg7 39. Qd8 Ra8 40.
e7 Nxe7 41. Qxe7+ Kg6 42. Qe4+ 1-0

[Event "DVM U16 2014"]
[Site "Magdeburg GER"]
[Date "2014.12.28"]
[Round "4"]
[White "Kretzschmar, Arnd"]
[Black "Fahsel, Nico"]
[Result "0-1"]
[Termination "normal"]
[Board "5.2"]
[WhiteElo "1896"]
[BlackElo "1810"]
[WhiteTeam "USV Halle"]
[BlackTeam "USC Magdeburg"]
[PlyCount "138"]
[WhiteFideId "12914835"]
[BlackFideId "1270256"]
[EventCountry "GER"]
[EventRounds "7"]
[EventType "team-swiss"]
[EventDate "2014.12.26"]

1. d4 e6 2. c4 d5 3. Nc3 Be7 4. Nf3 Nf6 5. Bg5 O-O 6. e3 Nbd7 7. cxd5 exd5 8.
Bd3 c6 9. Qc2 h6 10. Bf4 Nh5 11. Bg3 g6 12. Rb1 Ng7 13. O-O Nf6 14. b4 a6 15.
a4 Bf5 16. Rfc1 Nd7 17. Bxf5 Nxf5 18. b5 axb5 19. axb5 Ra3 20. Ne2 Nxg3 21.
hxg3 Qa5 22. bxc6 Rc8 23. Qb2 bxc6 24. Ra1 Rb8 25. Rxa3 Bxa3 26. Qc3 Qa6 27.
Rc2 Nf6 28. Ne5 Ne4 29. Qxc6 Qxc6 30. Nxc6 Rb1+ 31. Kh2 Nxf2 32. Ng1 Ng4+ 33.
Kh1 Nxe3 34. Rc3 Nc4 35. Kh2 Bd6 36. Nf3 Rb6 37. Nce5 Bxe5 38. dxe5 Re6 39. Rd3
Nxe5 40. Rxd5 Ng4+ 41. Kg1 Re2 42. Rd2 Re3 43. Rd1 Kg7 44. Rd4 h5 45. Rd1 f6
46. Rd7+ Kf8 47. Rd1 Ke7 48. Re1 Rxe1+ 49. Nxe1 Ke6 50. Nf3 Kd5 51. Kf1 Ke4 52.
Ke2 Ne5 53. Nh2 Kf5 54. Nf1 Kg4 55. Ke3 Nc4+ 56. Kf2 f5 57. Nh2+ Kg5 58. Nf1
Nd6 59. Kf3 Ne4 60. Nh2 Kf6 61. Nf1 Ke5 62. Nh2 g5 63. Nf1 Kd4 64. Nh2 Kd3 65.
g4 hxg4+ 66. Nxg4 fxg4+ 67. Kxg4 Kd4 68. Kf5 Kd5 69. g3 Kd4 0-1

[Event "DVM U16 2014"]
[Site "Magdeburg GER"]
[Date "2014.12.28"]
[Round "4"]
[White "Wagner, Dominik"]
[Black "Altstadt, Karl-Simon"]
[Result "0-1"]
[Termination "normal"]
[Board "5.3"]
[WhiteElo "1833"]
[BlackElo "1915"]
[WhiteTeam "USC Magdeburg"]
[BlackTeam "USV Halle"]
[PlyCount "44"]
[WhiteFideId "12957380"]
[BlackFideId "24696676"]
[EventCountry "GER"]
[EventRounds "7"]
[EventType "team-swiss"]
[EventDate "2014.12.26"]

1. e4 c5 2. Nc3 Nc6 3. f4 e6 4. Nf3 a6 5. g3 d6 6. Bg2 g6 7. d3 Bg7 8. O-O Nge7
9. Qe1 O-O 10. g4 f5 11. exf5 exf5 12. g5 Re8 13. Be3 Bxc3 14. Qxc3 Nd5 15. Qb3
Be6 16. Bd2 Nxf4 17. Qa3 Nxg2 18. Kxg2 Bd5 19. c4 Re2+ 20. Rf2 Bxf3+ 21. Kxf3
Nd4+ 22. Kg2 Rxd2 0-1

[Event "DVM U16 2014"]
[Site "Magdeburg GER"]
[Date "2014.12.28"]
[Round "4"]
[White "Hartge, Gedeon"]
[Black "Wagner, Benjamin"]
[Result "1-0"]
[Termination "normal"]
[Board "5.4"]
[WhiteElo "1889"]
[BlackElo "1652"]
[WhiteTeam "USV Halle"]
[BlackTeam "USC Magdeburg"]
[PlyCount "113"]
[WhiteFideId "12932116"]
[BlackFideId "12957330"]
[EventCountry "GER"]
[EventRounds "7"]
[EventType "team-swiss"]
[EventDate "2014.12.26"]

1. d4 Nf6 2. c4 g6 3. Nc3 Bg7 4. e4 d6 5. Nf3 O-O 6. Be2 e5 7. O-O Nc6 8. d5
Ne7 9. Bg5 h6 10. Bxf6 Bxf6 11. b4 Bg7 12. c5 f5 13. Nd2 g5 14. Rc1 f4 15. Bg4
Qe8 16. Bxc8 Rxc8 17. f3 h5 18. Nc4 Rf6 19. a4 a6 20. Qe2 Qd8 21. Rfd1 Rg6 22.
Na5 Rb8 23. h3 Kh7 24. Nc4 Kg8 25. Rc2 Kh7 26. Rdc1 Kh8 27. a5 Nc8 28. Na4 Na7
29. cxd6 cxd6 30. Ncb6 Kh7 31. Nc3 Rf6 32. Qd3 Rf7 33. b5 axb5 34. Nxb5 Nxb5
35. Qxb5 Qe8 36. Qb4 Qd8 37. Rc8 Rxc8 38. Rxc8 Qe7 39. Na8 Qf6 40. Rc7 Rxc7 41.
Nxc7 Qd8 42. Qxb7 Qd7 43. Qc6 Qd8 44. a6 g4 45. fxg4 Qh4 46. Qc3 f3 47. Qxf3
Qe1+ 48. Kh2 Bh6 49. Qf5+ Kh8 50. Ne6 h4 51. g5 Qg3+ 52. Kg1 Qe3+ 53. Qf2 Bxg5
54. Nxg5 Qc1+ 55. Kh2 Qxg5 56. Qf8+ Kh7 57. Qf5+ 1-0

[Event "DVM U16 2014"]
[Site "Magdeburg GER"]
[Date "2014.12.28"]
[Round "4"]
[White "Greßmann, Moritz"]
[Black "Thieu, Nguyen Gia Luat"]
[Result "1-0"]
[Termination "normal"]
[Board "6.1"]
[WhiteElo "2019"]
[BlackElo "1677"]
[WhiteTeam "BSV 63 Chemie Weißensee"]
[BlackTeam "SK Lehrte"]
[PlyCount "29"]
[WhiteFideId "24695084"]
[BlackFideId "12934321"]
[EventCountry "GER"]
[EventRounds "7"]
[EventType "team-swiss"]
[EventDate "2014.12.26"]

1. e4 c5 2. Nf3 Nc6 3. Bb5 Na5 4. O-O a6 5. Be2 d6 6. d4 cxd4 7. Nxd4 Nf6 8.
Nc3 b5 9. b4 Nc6 10. Nxc6 Qc7 11. Qe1 Qxc6 12. e5 dxe5 13. Bf3 e4 14. Nxe4 Bf5
15. Ng3 1-0

[Event "DVM U16 2014"]
[Site "Magdeburg GER"]
[Date "2014.12.28"]
[Round "4"]
[White "Klein, Florian"]
[Black "Donath, Johann"]
[Result "0-1"]
[Termination "normal"]
[Board "6.2"]
[WhiteElo "1661"]
[BlackElo "2065"]
[WhiteTeam "SK Lehrte"]
[BlackTeam "BSV 63 Chemie Weißensee"]
[PlyCount "52"]
[WhiteFideId "12928810"]
[BlackFideId "24685160"]
[EventCountry "GER"]
[EventRounds "7"]
[EventType "team-swiss"]
[EventDate "2014.12.26"]

1. d4 Nf6 2. c4 c5 3. d5 b5 4. cxb5 a6 5. b6 Qxb6 6. Nc3 g6 7. e4 Bg7 8. Be3
Qxb2 9. Rc1 d6 10. Bd3 Ng4 11. Nge2 Nxe3 12. fxe3 Qb6 13. Rb1 Qc7 14. O-O O-O
15. Qb3 Nd7 16. Rfc1 Ne5 17. Bc2 h5 18. Nf4 c4 19. Qb6 Qxb6 20. Rxb6 Nd7 21.
Na4 Nxb6 22. Nxb6 Rb8 23. Nxc4 Bd7 24. Bb3 Rfc8 25. Kf2 Bb5 26. a4 Bd7 0-1

[Event "DVM U16 2014"]
[Site "Magdeburg GER"]
[Date "2014.12.28"]
[Round "4"]
[White "Fege, Julian"]
[Black "Koepp, Jan"]
[Result "0-1"]
[Termination "normal"]
[Board "6.3"]
[WhiteElo "1737"]
[BlackElo "1581"]
[WhiteTeam "BSV 63 Chemie Weißensee"]
[BlackTeam "SK Lehrte"]
[PlyCount "76"]
[WhiteFideId "24699551"]
[BlackFideId "12965090"]
[EventCountry "GER"]
[EventRounds "7"]
[EventType "team-swiss"]
[EventDate "2014.12.26"]

1. e4 c5 2. Nc3 Nc6 3. d3 d6 4. g3 g6 5. Bg2 Bg7 6. f4 Nf6 7. Nf3 Bg4 8. O-O
Nd4 9. Kh1 e6 10. Ne2 Bxf3 11. Bxf3 Nxf3 12. Rxf3 Qc7 13. Nc3 a6 14. Qf1 O-O-O
15. Rb1 h5 16. Ne2 h4 17. Be3 Ng4 18. Bg1 f5 19. b4 b6 20. bxc5 bxc5 21. exf5
gxf5 22. d4 c4 23. Ra3 Qc6+ 24. Qf3 d5 25. Ra5 Bf8 26. Qc3 hxg3 27. Nxg3 Rd7
28. Qb2 Rb7 29. Qxb7+ Qxb7 30. Rxb7 Kxb7 31. Nxf5 Bb4 32. Ra4 a5 33. Rxb4+ axb4
34. Ng3 Ra8 35. Nf1 Rxa2 36. h3 Nf6 37. Ne3 b3 38. cxb3 cxb3 0-1

[Event "DVM U16 2014"]
[Site "Magdeburg GER"]
[Date "2014.12.28"]
[Round "4"]
[White "Stelmaszyk, Nico"]
[Black "Henke, Georg"]
[Result "1/2-1/2"]
[Termination "normal"]
[Board "6.4"]
[WhiteElo "1504"]
[BlackElo "1551"]
[WhiteTeam "SK Lehrte"]
[BlackTeam "BSV 63 Chemie Weißensee"]
[PlyCount "101"]
[WhiteFideId "16200462"]
[BlackFideId "24693936"]
[EventCountry "GER"]
[EventRounds "7"]
[EventType "team-swiss"]
[EventDate "2014.12.26"]

1. e4 c5 2. c4 Nc6 3. Nc3 Nf6 4. g3 g6 5. Bg2 Bg7 6. Nge2 O-O 7. O-O d6 8. h3
a6 9. Rb1 Rb8 10. b3 b5 11. Bb2 b4 12. Nd5 Nxd5 13. cxd5 Nd4 14. Nxd4 cxd4 15.
Rc1 Bd7 16. d3 e5 17. Qd2 a5 18. Rc2 Qb6 19. Rfc1 Rbc8 20. Rxc8 Rxc8 21. Rxc8+
Bxc8 22. Qc1 Bd7 23. Qc2 Qb7 24. a3 Qc8 25. Qxc8+ Bxc8 26. axb4 axb4 27. Bc1
Ba6 28. Bf1 f5 29. Bd2 Kf7 30. Bxb4 Ke7 31. f3 Bh6 32. Kf2 Be3+ 33. Ke2 h5 34.
Bd2 Bxd2 35. Kxd2 Kf6 36. b4 Bb5 37. Ke2 g5 38. g4 fxe4 39. fxe4 hxg4 40. hxg4
Ke7 41. Kd2 Kd7 42. Be2 Ba4 43. Bd1 Bb5 44. Bb3 Kc7 45. Ke2 Kb6 46. Bc4 Bd7 47.
Kf3 Bb5 48. Ke2 Bd7 49. Kf3 Bb5 50. Ke2 Bd7 51. Kf3 1/2-1/2

[Event "DVM U16 2014"]
[Site "Magdeburg GER"]
[Date "2014.12.28"]
[Round "4"]
[White "Rausch, Adrian"]
[Black "Chittka, Julius"]
[Result "1-0"]
[Termination "normal"]
[Board "7.2"]
[WhiteElo "1787"]
[BlackElo "1962"]
[WhiteTeam "SV Backnang"]
[BlackTeam "VfSuF Düsseldorf-Süd"]
[PlyCount "55"]
[WhiteFideId "12929069"]
[BlackFideId "12954772"]
[EventCountry "GER"]
[EventRounds "7"]
[EventType "team-swiss"]
[EventDate "2014.12.26"]

1. Nf3 Nf6 2. e3 g6 3. d4 Bg7 4. c4 O-O 5. g3 d6 6. h3 Nbd7 7. Bg2 e5 8. O-O
Qe7 9. Nc3 c6 10. b3 e4 11. Nd2 d5 12. f3 Nh5 13. Qe1 exf3 14. Bxf3 Nxg3 15.
cxd5 Nxf1 16. Kxf1 Nf6 17. dxc6 Bxh3+ 18. Ke2 bxc6 19. Nc4 Bg4 20. Ba3 Bxf3+
21. Kxf3 c5 22. Bxc5 Qb7+ 23. Ke2 Rfe8 24. Nd6 Qa6+ 25. Kd2 Re6 26. Qg3 Rd8 27.
Nc4 Qa5 28. Nxa5 1-0

[Event "DVM U16 2014"]
[Site "Magdeburg GER"]
[Date "2014.12.28"]
[Round "4"]
[White "Surguchov, Alexander"]
[Black "Zouani, Samir"]
[Result "1/2-1/2"]
[Termination "normal"]
[Board "7.3"]
[WhiteElo "1748"]
[BlackElo "1597"]
[WhiteTeam "VfSuF Düsseldorf-Süd"]
[BlackTeam "SV Backnang"]
[PlyCount "57"]
[WhiteFideId "1272035"]
[BlackFideId "12946206"]
[EventCountry "GER"]
[EventRounds "7"]
[EventType "team-swiss"]
[EventDate "2014.12.26"]

1. d4 d5 2. Bf4 Nf6 3. e3 e6 4. c3 Be7 5. Bd3 O-O 6. Nf3 Nbd7 7. h3 b6 8. O-O
Bb7 9. Nbd2 c5 10. Ne5 Nxe5 11. Bxe5 Bd6 12. f4 Bxe5 13. fxe5 Nd7 14. Qg4 Qe7
15. e4 f6 16. exf6 Nxf6 17. Qh4 dxe4 18. Bxe4 Bxe4 19. Nxe4 cxd4 20. Nxf6+ Rxf6
21. Qxd4 Raf8 22. a4 Rxf1+ 23. Rxf1 Rxf1+ 24. Kxf1 Qf6+ 25. Qf2 Kf7 26. Ke2
Qxf2+ 27. Kxf2 Kf6 28. Ke3 Ke5 29. g4 1/2-1/2

[Event "DVM U16 2014"]
[Site "Magdeburg GER"]
[Date "2014.12.28"]
[Round "4"]
[White "Maier, Lukas"]
[Black "Gula, Julian"]
[Result "0-1"]
[Termination "normal"]
[Board "7.4"]
[WhiteElo "1641"]
[BlackElo "1627"]
[WhiteTeam "SV Backnang"]
[BlackTeam "VfSuF Düsseldorf-Süd"]
[PlyCount "112"]
[WhiteFideId "12946184"]
[BlackFideId "12954799"]
[EventCountry "GER"]
[EventRounds "7"]
[EventType "team-swiss"]
[EventDate "2014.12.26"]

1. d4 Nf6 2. c4 g6 3. Nc3 Bg7 4. Nf3 d6 5. e4 O-O 6. Be2 e5 7. d5 a5 8. Bg5 h6
9. Be3 Na6 10. Qc2 Ng4 11. Bd2 f5 12. h3 Nf6 13. Nh2 Nb4 14. Qb1 fxe4 15. a3
Nd3+ 16. Bxd3 exd3 17. Qxd3 Bf5 18. Qe2 g5 19. Ng4 Bxg4 20. hxg4 Qd7 21. f3 e4
22. O-O-O exf3 23. gxf3 Rae8 24. Qd3 Rf7 25. Ne2 a4 26. Ng3 Nh7 27. Nf5 Rxf5
28. gxf5 Rf8 29. Rde1 Rxf5 30. Re6 Qf7 31. Rh3 Nf8 32. Re3 Nd7 33. Qc2 b5 34.
cxb5 Rxd5 35. Qxa4 Bxb2+ 36. Kxb2 Rxd2+ 37. Kc3 Rd5 38. Qa8+ Kg7 39. Re4 Rc5+
40. Kb4 Nb6 41. Qb7 Rc4+ 42. Ka5 Rc3 43. a4 Nc4+ 44. Ka6 Ra3 45. Qc8 Rxa4+ 46.
Kb7 Qd5+ 47. Kxc7 Ra7+ 48. Kd8 Ra8 49. Re7+ Kg6 50. Qxa8 Qxa8+ 51. Kd7 Qb7+ 52.
Ke6 Qc8+ 53. Kd5 Nb6+ 54. Kxd6 Qxh3 55. Kc6 Qxf3+ 56. Kxb6 Qf6+ 0-1

[Event "DVM U16 2014"]
[Site "Magdeburg GER"]
[Date "2014.12.28"]
[Round "4"]
[White "Scheinhütte, Jakob"]
[Black "Hammann, Jonas"]
[Result "1-0"]
[Termination "normal"]
[Board "8.1"]
[WhiteElo "1768"]
[BlackElo "1872"]
[WhiteTeam "SV Empor Berlin"]
[BlackTeam "Stader SV"]
[PlyCount "71"]
[WhiteFideId "24693944"]
[BlackFideId "12930601"]
[EventCountry "GER"]
[EventRounds "7"]
[EventType "team-swiss"]
[EventDate "2014.12.26"]

1. e4 c5 2. Nf3 Nc6 3. Bb5 g6 4. Bxc6 dxc6 5. d3 Bg7 6. h3 Nf6 7. Nc3 O-O 8.
Be3 Nd7 9. Qd2 Re8 10. O-O e5 11. Nh2 Qe7 12. Rae1 Nf8 13. f4 exf4 14. Bxf4 Ne6
15. Be3 Nd4 16. Nd1 Be6 17. c3 Nb5 18. a4 Nd6 19. Nf2 f5 20. exf5 Nxf5 21. Bg5
Qc7 22. Ne4 Bd5 23. Nxc5 Be5 24. Ng4 Ng3 25. Rf2 b6 26. Nxe5 Rxe5 27. Rxe5 Qxe5
28. Nd7 Qe6 29. Nf6+ Kh8 30. c4 Bxg2 31. Rxg2 Nf5 32. Ne4 Kg8 33. Qc3 Rf8 34.
Nf6+ Rxf6 35. Qxf6 Qe1+ 36. Kh2 1-0

[Event "DVM U16 2014"]
[Site "Magdeburg GER"]
[Date "2014.12.28"]
[Round "4"]
[White "Dittmann, Tobias"]
[Black "Feyer, Leon"]
[Result "1-0"]
[Termination "normal"]
[Board "8.2"]
[WhiteElo "1773"]
[BlackElo "1824"]
[WhiteTeam "Stader SV"]
[BlackTeam "SV Empor Berlin"]
[PlyCount "103"]
[WhiteFideId "12964360"]
[BlackFideId "12957240"]
[EventCountry "GER"]
[EventRounds "7"]
[EventType "team-swiss"]
[EventDate "2014.12.26"]

1. e4 e5 2. Nf3 Nc6 3. Bc4 Bc5 4. Nc3 Nf6 5. d3 h6 6. h3 d6 7. Na4 Bb4+ 8. c3
Ba5 9. b4 Bb6 10. Nxb6 axb6 11. Be3 Be6 12. Bb3 O-O 13. O-O Ra3 14. Qc2 Qd7 15.
Nd2 b5 16. Qb2 Rfa8 17. Rfd1 b6 18. Nf1 Qc8 19. Rdb1 Qa6 20. Bc1 Qc8 21. Qxa3
Rxa3 22. Bxa3 Bxh3 23. gxh3 Qxh3 24. Ne3 Nh5 25. Bd1 Nf4 26. Bg4 Qh4 27. Rd1 h5
28. Bd7 Ne2+ 29. Kg2 Nb8 30. Bc8 Qg5+ 31. Kf1 Nf4 32. Bc1 Nc6 33. Ke1 Qg1+ 34.
Nf1 Ne7 35. Bd7 Neg6 36. Be3 Ng2+ 37. Ke2 Nxe3 38. Kxe3 Qg5+ 39. Ke2 Nf4+ 40.
Kd2 Nh3+ 41. Kc2 Nxf2 42. Rd2 Qf4 43. Bxb5 h4 44. a4 Nxe4 45. dxe4 Qxe4+ 46.
Bd3 Qa8 47. a5 c6 48. a6 Qa7 49. b5 Kf8 50. bxc6 Ke7 51. Bf5 g6 52. c7 1-0